| 000 | 00683pam a2200193 a 4500 | ||
|---|---|---|---|
| 082 | 0 | 0 |
_a624.15136 _bMIT _cL-39, P-162 |
| 100 | 1 |
_aMitchell, James Kenneth, _942526 |
|
| 245 | 1 | 0 |
_aFundamentals of soil behavior / _cJames K. Mitchell. |
| 250 | _a2nd ed. | ||
| 260 |
_aNew York : _bWiley, _cc1993. |
||
| 300 |
_axiii, 437 p. : _bill. ; _c29 cm. |
||
| 526 |
_a0 _b0 _c0 _d624_151360000000000_MIT |
||
| 650 | 0 |
_aMCE _9379 |
|
| 650 | 0 | _aSoil mechanics. | |
| 856 | 4 | _uhttp://www.loc.gov/catdir/toc/onix05/92021521.html | |
| 856 | 4 | 2 | _uhttp://www.loc.gov/catdir/description/wiley034/92021521.html |
| 856 | 4 | 2 | _uhttp://www.loc.gov/catdir/enhancements/fy0607/92021521-b.html |
| 942 |
_2ddc _cBK |
||
| 999 |
_c546397 _d546397 |
||